Economic Warfare 1939-1940

Salvato in:
Dettagli Bibliografici
Natura: Libro
Lingua:inglese
Pubblicazione: London Macmillan and Co. 1941
Tags: Aggiungi Tag
Nessun Tag, puoi essere il primo ad aggiungerne!!

MARC

LEADER 00000nam a2200000 4500
001 0268570
005 20240822101712.0
041 0 |a eng 
044 |a GB 
245 1 0 |a Economic Warfare 1939-1940  |c Paul Einzig 
264 1 |a London  |b Macmillan and Co.  |c 1941